000 00704nam a2200241Ia 4500
003 OSt
005 20220925223254.0
006 a|||||r|||| 00| 0
007 ta
008 220923b |||||||| |||| 00| 0 eng d
037 _cGeneral Book
040 _aRTL
_cRTL
_beng
041 _2eng
_aeng
082 _aY9(X:9).3.N8, N0
100 _aCollinson David L
_9289347
245 0 _aManaging to discriminate
260 _aLondon
_bRoutledge
_c1990
300 _aix,261p
_ccm.
500 _aBibliography: P 239-51; Appendix: P 214-20
650 _aPersonal Management Sociology
_9230807
942 _hY9(X:9).3.N8, N0
_cGB
_2CC
999 _c579117
_d579117